Geography Quiz

Random Geography or World Quiz
Score 0/9 Timer 03:00
0 Plays Today
Clue Place % Correct
China's and the world's largest city properShanghai
100%
The UAE's third largest citySharjah
69.7%
Chinese province with Jinan as its capital cityShandong
57.6%
Chinese province with Xian as its capital cityShaanxi
42.4%
Californian mountain part of the Cascade Range, Mt. _____Shasta
39.4%
Prefecture-level city on the eastern coast of Guangdong, ChinaShantou
39.4%
Malaysia's fifth largest cityShah Alam
12.1%
Prefecture-level city on Hangzhou Bay, Zhejiang province, ChinaShaoxing
6.1%
Hunan province largest city, ChinaShaoyang
6.1%
Remove Ads.
Support Sporcle.
Get the best of Sporcle when you Go Orange. This ad-free experience offers more features, more stats, and more fun while also helping to support Sporcle. Thank you for becoming a member.

You're not logged in!

Compare scores with friends on all Sporcle quizzes.
OR
Log In

Sporcle TV

Today on Sporcle TV


Watch our educational content, quiz creation guides, and fun videos on Sporcle TV.

Show Comments

Extras

Created Sep 25, 2017ReportNominate
Tags:World Quiz, Either, place, start, Starting

Top Quizzes Today


Score Distribution

Paid Content

Your Account Isn't Verified!

In order to create a playlist on Sporcle, you need to verify the email address you used during registration. Go to your Sporcle Settings to finish the process.

Report this User

Report this user for behavior that violates our Community Guidelines.

Details: